000 01017cam a2200313Ii 4500
008
020 _a9780124158498 (paperback)
040 _aNUST
_cNUST
049 _aMAIN
090 _aQP98
_bREI
100 _aReid, Mario E.,
_aauthor.
245 1 0 _aThe blood group antugen :
_bFactsBook /
_cMario E. Reid ; Christine Lomas-Francis and Martin L. Olsson
250 _aThird edition.
264 1 _aAmsterdam :
_bElsevier ,
_c2012.
300 _axi, 745 pages :
_billustrations ;
_c24 cm.
336 _atext
_btxt
_2rdacontent
337 _aunmediated
_bn
_2rdamedia
338 _avolume
_bnc
_2rdacarrier
500 _aIncludes index.
504 _aIncludes bibliographical references.
650 _aBlood group antigens.
650 _aImmunohematology.
700 _aLomas-Francis, Christine.,
_aauthor.
700 _aOlsson, Martin L.,
_aauthor.
907 _a.b10406293
_b13-05-22
_c07-07-21
003
005 20230120204351.0
942 _cBOOKS
_kQP98
_mREI
999 _c121962
_d121962